Liedtext - Ganz Oben - Die Prinzen - Statistiken

Allgemein
  • Dieses Quiz wurde 20 mal gespielt
  • Das Durchschnittsergebnis liegt bei 198 aus 365
Antwortstatistiken
Antwort % Korrekt
ganz
100%
Ganz
100%
oben
100%
ein
89%
Daß
78%
den
78%
du
78%
Du
78%
es
78%
Und
78%
und
78%
zu
78%
auch
72%
Ich
72%
In
72%
in
72%
ist
72%
nicht
72%
dich
67%
die
67%
Die
67%
mit
67%
noch
67%
sein
67%
All
61%
bist
61%
Bist
61%
der
61%
Hast
61%
hast
61%
nur
61%
war
61%
wie
61%
Wie
61%
dann
56%
dir
56%
hat
56%
immer
56%
Jetzt
56%
nichts
56%
Welt
56%
Wenn
56%
wenn
56%
Ab
50%
aus
50%
dein
50%
kein
50%
unter
50%
was
50%
wieder
50%
alle
44%
Doch
44%
gibt
44%
gut
44%
kannst
44%
klein
44%
mehr
44%
viel
44%
weit
44%
werd
44%
willst
44%
wirst
44%
Aber
39%
deinen
39%
ganze
39%
groß
39%
heute
39%
machst
39%
sehen
39%
Tag
39%
wird
39%
wolltest
39%
alles
33%
gehen
33%
gestern
33%
jeden
33%
los
33%
mal
33%
morgen
33%
waren
33%
anders
28%
fällt
28%
hören
28%
kommst
28%
konntest
28%
Manche
28%
manche
28%
warst
28%
wirklich
28%
alten
22%
anfangen
22%
Boden
22%
Choral
22%
Damals
22%
Damit
22%
dem
22%
du`s
22%
festgestellt
22%
Fürsten
22%
gar
22%
gegangen
22%
geliebt
22%
genial
22%
gesoffen
22%
gespeist
22%
getroffen
22%
gleich
22%
Größte
22%
Hörst
22%
irgendwann
22%
klar
22%
Leute
22%
Namen
22%
nochmal
22%
Pennern
22%
Protest
22%
rumgereist
22%
schlecht
22%
schreien
22%
Schule
22%
Sterne
22%
tausend
22%
verachtet
22%
Versuchst
22%
Zensuren
22%
ziemlich
22%
zufällig
22%
zurecht
22%
Ding
17%
egal
17%
Ring
17%
Stehenbleiben
17%
steigst
17%
wenigstens
17%
Formel 1
11%
hoffentlich
11%
Idiot
11%
Leinen
11%
Pilot
11%
später
11%
Trompeter
11%
Versicherungsvertreter
11%
irgenwann
0%
Keine übereinstimmenden Quizze gefunden
Verteilung der Resultate
Anzahl Personen mit jedem Resultat
Perzentil nach korrekt beantworteten Fragen
Ihre Resultats-Entwicklung
Sie haben dieses Quiz noch nicht gespielt